Statistics for Five Letter Geography

Click here to take the quiz!

General Stats

  • This quiz has been taken 218 times
  • The average score is 9 of 15

Answer Stats

HintAnswer% Correct
World's most populous countryChina
100%
Largest Hindu nationIndia
98%
Capital of South KoreaSeoul
95%
River flowing through ParisSeine
92%
Sea south of UkraineBlack
84%
Second longest river in AfricaCongo
74%
One of two main braches of IslamSunni
71%
Highest mountain in the AlpsBlanc
66%
Sea between Great Britain and IrelandIrish
63%
Danish currencyKrone
56%
Manila's islandLuzon
55%
Peninsula with Kuala LumpurMalay
53%
Second most spoken language in RussiaTatar
21%
Mountains of western MongoliaAltai
11%
Lowest point in Africa: Lake _____Assal
6%

Score Distribution

Percentile by Number Answered

Percent of People with Each Score

Your Score History

You have not taken this quiz